Normal view
MARC view
- Muhammad Rizwan Javed
Entry Personal Name
001 - CONTROL NUMBER
- control field: 93093
003 - CONTROL NUMBER IDENTIFIER
- control field: NUST
005 - DATE AND TIME OF LATEST TRANSACTION
- control field: 20220705191451.0
008 - FIXED-LENGTH DATA ELEMENTS
- fixed length control field: 220705|| aca||aabn | a|a d
040 ## - CATALOGING SOURCE
- Original cataloging agency: NUST
- Transcribing agency: NUST
100 ## - HEADING--PERSONAL NAME
- Personal name: Muhammad Rizwan Javed
670 ## - SOURCE DATA FOUND
- Source citation: Work cat.: (NUST)11282: Muhammad Rizwan Javed, Empirical Analysis of bandwidth allocation in wimax, 2012
